000 00578nam a2200193 a 4500
001 BRCA_6767
005 20190320205601.0
008 251011s1936----nyu#######---#000-0#eng-#
041 _aeng
044 _anyu
050 4 _aZ1224
_b.F85
_c1936
245 1 0 _aSelective bibliography of American literature 1775-1900
_cB.M. Fullerton ; with an introduction by Carl Van Doren
260 _aNueva York
_bDial
_c1936
300 _a327 p.
_c24 cm.
500 _aI133
650 1 4 _aLiteratura estadounidense
_vBibliografía
_xPrimeras ediciones
_914867
902 _aGFM
942 _2lcc
_cB
999 _c6450
_d6450